000 00599nam a22002177a 4500
003 UA-OsUOA
001 70453
007 ta
008 20100903b un ||||| |||| 00| 0 ukr d
090 _a821.161.1
942 _cBK
040 _aUA-OsUOA
_brus
_cUA-OsUOA
_dUA-OsUOA
245 _aЛегенда о докторе Фаусте
_cотв. ред. Н. А. Жирмунская
300 _a421 с.
955 _a3
041 _arus
080 _a821.161.1
260 _aМ.
_bНаука
_c1978
650 7 _a82 Література. Літературознавство
_2UDC
999 _c356726
_d356726